• 首页
  • 本馆介绍
  • 公告通知
  • 最新文献
  • 馆藏检索
  • 电子资源
  • 读者导购
  • 参考咨询
  • 我的图书馆
  • 登录
  • 详细信息显示
  • 放入我的书架
  • 预约/预借图书
  • 作者相关作品
  • 分类相关作品
  • 丛书相关作品
  • 出版社相关作品

书目信息

  • 表格格式
  • 工作单格式
  • 卡片格式
题名:
线性代数与空间解析几何要点与解题
    
 
作者: 龚冬保 , 魏战线 编著
分册:  
出版信息: 西安   西安交通大学出版社  2006
页数: 169页
开本: 21cm
丛书名: 西安交大教学资源文库
单 册:
中图分类: O182.2 , O151.2
科图分类:
主题词: 线性代数--高等学校--教学参考资料 , 线性代数 , 空间几何 , 空间几何--解析几何--高等学校--教学参考资料 , 解析几何
电子资源:
ISBN: 7-5605-2224-6
000 01083oam2 2200313 450
001 003361513
005 20070801172737.14
010    @a7-5605-2224-6@dCNY9.80
100    @a20070201d2006 em y0chiy0110 ea
101 0  @achi
102    @aCN@b610000
105    @ay z 000yy
200 1  @a线性代数与空间解析几何要点与解题@9xian xing dai shu yu kong jian jie xi ji he yao dian yu jie ti@f龚冬保,魏战线编著
210    @a西安@c西安交通大学出版社@d2006
215    @a169页@d21cm
225 2  @a西安交大教学资源文库@i三一丛书
330    @a本书通过对300多道线性代数和空间解析几何典型例题的分析、求解和注释,归纳总结了本课程分析处理问题的基本方法和常用的解题技巧。
462  0 @12001 @a三一丛书
606 0  @a线性代数@x高等学校@j教学参考资料
606 0  @a线性代数
606 0  @a空间几何
606 0  @a空间几何@x解析几何@x高等学校@j教学参考资料
606 0  @a解析几何
690    @aO182.2@v4
690    @aO151.2@v4
701  0 @a龚冬保@9gong dong bao@f(1935~)@4编著
701  0 @a魏战线@9wei zhan xian@c(教授)@4编著
801  0 @aCN@bNLC@c20070801
905    @a10447@dO151.2@e285
    
    线性代数与空间解析几何要点与解题/龚冬保,魏战线编著.-西安:西安交通大学出版社,2006
    169页;21cm.-(西安交大教学资源文库.三一丛书)
    
    
    ISBN 7-5605-2224-6:CNY9.80
    本书通过对300多道线性代数和空间解析几何典型例题的分析、求解和注释,归纳总结了本课程分析处理问题的基本方法和常用的解题技巧。
●
相关链接 在E读中查询图书 在五车中查询图书 在当当中查询图书 在豆瓣中查询图书


正题名:线性代数与空间解析几何要点与解题     索取号:O151.2/285         预约/预借

序号 登录号 条形码 馆藏地/架位号 状态 备注
1 0800277   208002775   第二样本阅览室/ [索取号:O151.2/285] 在馆    
2 0800278   208002784   第三借阅区/ [索取号:O151.2/285] 在馆    
3 0800279   208002793   第三借阅区/ [索取号:O151.2/285] 在馆    
4 0800280   208002800   第三借阅区/ [索取号:O151.2/285] 在馆    
5 0800281   208002819   第三借阅区/ [索取号:O151.2/285] 在馆    
6 0800282   208002828   第三借阅区/ [索取号:O151.2/285] 在馆    
7 0800283   208002837   第三借阅区/ [索取号:O151.2/285] 在馆    
8 0800284   208002846   第三借阅区/ [索取号:O151.2/285] 在馆    
9 0800285   208002855   第三借阅区/ [索取号:O151.2/285] 在馆    
10 0800286   208002864   第三借阅区/ [索取号:O151.2/285] 在馆    
11 0800287   208002873   第三借阅区/ [索取号:O151.2/285] 在馆    
12 0800288   208002882   第三借阅区/ [索取号:O151.2/285] 在馆    
13 0800289   208002891   第三借阅区/ [索取号:O151.2/285] 在馆    
14 0800290   208002908   第三借阅区/ [索取号:O151.2/285] 在馆    
15 0800291   208002917   第三借阅区/ [索取号:O151.2/285] 在馆    
16 0800292   208002926   第三借阅区/ [索取号:O151.2/285] 在馆    
17 0800293   208002935   第三借阅区/ [索取号:O151.2/285] 在馆    
18 0800294   208002944   第三借阅区/ [索取号:O151.2/285] 在馆    
19 0800295   208002953   第三借阅区/ [索取号:O151.2/285] 在馆    
20 0800296   208002962   第三借阅区/ [索取号:O151.2/285] 在馆    
唐山师范学院图书馆 欢迎您!
大连网信软件有限公司© 版权所有